| 000 | 00416nam a2200145Ia 4500 | ||
|---|---|---|---|
| 008 | 230312s9999||||xx |||||||||||||| ||und|| | ||
| 020 | _a9780321605030 | ||
| 082 |
_a005.72 _bSUL-M |
||
| 100 | _aLaudon,C,Kenneth | ||
| 245 | 0 | _aEssentials of management information systems : managing the digital firm | |
| 260 |
_bNew Riders _aUSA _c2009 |
||
| 300 | _a352 | ||
| 650 |
_aComputer _vCascading style sheets |
||
| 942 | _cBK | ||
| 999 |
_c17696 _d17696 |
||